[Event "GER-chA Seniors 16th"]
[Site "Templin"]
[Date "2004.09.08"]
[Round "5"]
[White "Mueller Using, Detlev"]
[Black "Fronczek, Heinrich"]
[Result "0-1"]
[WhiteElo "1884"]
[BlackElo "2119"]
[PlyCount "68"]
[EventDate "2004.09.04"]
[EventType "swiss"]
[EventRounds "9"]
[EventCountry "GER"]
[SourceTitle "EXT 2005"]
[Source "ChessBase"]
[SourceDate "2004.11.15"]
[SourceVersion "1"]
[SourceVersionDate "2004.11.15"]
[SourceQuality "1"]

1. e4 c5 2. Nf3 e6 3. d4 cxd4 4. Nxd4 a6 5. Nc3 b5 6. a3 Bb7 7. Bd3 Bc5 8. Nb3 Bb6 9. Qe2 d6 10. 0-0 Nf6 11. Kh1 0-0 12. Bg5 Nbd7 13. f4 Qc7 14. Rae1 Rac8 15. e5 dxe5 16. fxe5 Nd5 17. Bxh7+ Kxh7 18. Qh5+ Kg8 19. Rf3 f6 20. Ne4 Qxe5 21. Rh3 fxg5 22. Qh7+ Kf7 23. Rh6 Nf4 24. Nbd2 Ke8 25. Nf3 Bxe4 26. Rxe4 Qd5 27. Qxg7 Rc4 28. Rh7 Qd6 29. Re1 Rxc2 30. g3 Nd3 31. Qg6+ Kd8 32. Rxe6 Qd5 33. Rf7 Rxf7 34. Qxf7 Kc7 0-1

[Event "GER-chA Seniors 16th"]
[Site "Templin"]
[Date "2004.09.06"]
[Round "3"]
[White "Schoene, Armin"]
[Black "Fronczek, Heinrich"]
[Result "1-0"]
[WhiteElo "2057"]
[BlackElo "2251"]
[PlyCount "105"]
[EventDate "2004.09.04"]
[EventType "swiss"]
[EventRounds "9"]
[EventCountry "GER"]
[SourceTitle "EXT 2005"]
[Source "ChessBase"]
[SourceDate "2004.11.15"]
[SourceVersion "1"]
[SourceVersionDate "2004.11.15"]
[SourceQuality "1"]

1. e4 c5 2. Nf3 Nc6 3. Bb5 g6 4. 0-0 Bg7 5. c3 Nf6 6. Re1 0-0 7. d4 cxd4 8. cxd4 d5 9. e5 Ne4 10. Qa4 Bd7 11. Ng5 a6 12. Bxc6 Bxc6 13. Qd1 e6 14. Nh3 h6 15. f3 Ng5 16. Nxg5 hxg5 17. Be3 f5 18. exf6 Bxf6 19. Qd3 Kg7 20. Nc3 Qd6 21. Qd2 Rh8 22. Bxg5 Qxh2+ 23. Kf2 Bxg5 24. Qxg5 Qh4+ 25. Qxh4 Rxh4 26. Rad1 Kf6 27. Rd2 Bd7 28. Nd1 Rc8 29. Ne3 Be8 30. Ng4+ Ke7 31. Rde2 Rc6 32. Kg3 Rh5 33. Ne5 Rb6 34. Rc2 Rg5+ 35. Kf4 Rf5+ 36. Ke3 g5 37. Rh1 Rf8 38. b3 Kd8 39. Rh7 a5 40. Rcc7 a4 41. Rxb7 Rxb7 42. Rxb7 axb3 43. axb3 Rg8 44. b4 Rh8 45. Nf7+ Kc8 46. Nd6+ Kd8 47. Rb8+ Ke7 48. Rxe8+ Rxe8 49. Nxe8 Kxe8 50. f4 g4 51. f5 exf5 52. Kf4 Kd7 53. Kxf5 1-0